Chandni Chowk: (Record no. 190695)

MARC details
000 -LEADER
fixed length control field 00548nam a22001817a 4500
005 - DATE AND TIME OF LATEST TRANSACTION
control field 20220803103046.0
010 ## - LCCN (DPL NO)
LC control number ENG-134187
020 ## - INTERNATIONAL STANDARD BOOK NUMBER
International Standard Book Number 9789386050670
Terms of availability 399.00
035 ## - SYSTEM CONTROL NUMBER
System control number EN-117719
037 ## - SOURCE OF ACQUISITION
Source of stock number/acquisition DBAD/PUB
082 ## - DEWEY DECIMAL CLASSIFICATION NUMBER
Classification number 954.16
100 ## - MAIN ENTRY--PERSONAL NAME
Personal name Liddle, Swapna
245 ## - TITLE STATEMENT
Title Chandni Chowk:
Statement of responsibility, etc by Swapna Liddle
Remainder of title the mughal city of old Delhi /
260 ## - PUBLICATION, DISTRIBUTION, ETC. (IMPRINT)
Place of publication, distribution, etc New Delhi
Name of publisher, distributor, etc Speaking Tiger
Date of publication, distribution, etc 2017
270 ## - ADDRESS
Address 4381/4, Ansari Road, Daryaganj,
City New Delhi
Postal code 110002
300 ## - PHYSICAL DESCRIPTION
Extent xii,256p.
Dimensions 20cm(Hb)
942 ## - ADDED ENTRY ELEMENTS (KOHA)
Source of classification or shelving scheme Dewey Decimal Classification
Item type English Books
Classification part 954.16
Call number suffix LID
Holdings
Withdrawn status Lost status Not for loan Collection code Home library Current library Date acquired Source of acquisition Cost, normal purchase price Full call number Barcode Copy number Cost, replacement price Koha item type
      Non-fiction Bawana Bawana 03/08/2022 DBAD/PUB 399.00 954.16 LID EN-117719 1 399.00 English Books

© Delhi Public Library
Hit Counter
free hit counter